| 000 | 01162nam a2200325 i 4500 | ||
|---|---|---|---|
| 003 | DO-SdBNP | ||
| 005 | 20240530073928.0 | ||
| 007 | ta | ||
| 008 | 240524s2017 dr ac r 000 f spa d | ||
| 020 | _a9788497442220 | ||
| 040 |
_aDO-SdBNP _bspa _cBNPHU _erda |
||
| 082 |
_bN218 _222 |
||
| 100 |
_aNaranjo Orovio, Consuelo _915153 _edirectora |
||
| 245 | 1 | 0 |
_aEsclavitud y diferencia racial en el Caribe hispano / _cdirectora Consuelo Narajno Orovio : editor Pedro Miguel Sánchez Moreno |
| 264 | 1 |
_a[España] : _bDoce calles, _c2017. |
|
| 300 |
_a298 páginas _bilustraciones, retratos _c24 cm. |
||
| 336 |
_2rdacontent _atexto _btxt |
||
| 337 |
_2rdamedia _asin mediación _bn |
||
| 338 |
_2rdacarrier _avolumen _bnc |
||
| 490 | 1 | _aAntilia | |
| 500 | _aIncluye datos biografícos de la autora en las solapas. | ||
| 500 | _aIncluye notas a pie de páginas. | ||
| 504 | _aBibliografía p: 271-298 | ||
| 590 | _aInventariado, 2024/ YL | ||
| 650 | 0 |
_aNovela dominicana _9223 |
|
| 650 | 0 |
_aLiteratura dominicana. _967 |
|
| 700 | 1 |
_aSánchez Moreno, Pedro Miguel _976573 _eeditor |
|
| 910 | _aYlockward/ Validado. Control de calidad MFF | ||
| 942 |
_2ddc _cLBS1 |
||
| 999 |
_c56747 _d56747 |
||